Generál M. R. Štefánik

Bibliographic Details
Main Author: Čengel Solčanská, Mariana, 1978- (Author, Photographer)
Format: Book
Language:Slovak
PhysicalDescription:366 strán fotografie, portréty 21 cm
Published: Bratislava Ikar 2018
ISBN:9788055164465
Edition:Prvé vydanie
Subjects:

MARC

LEADER 00000cam a2200000 4500
001 vtls011786353
003 SK-MaSNL
005 20260425230759.0
008 190905s2018 xo oc erh 010 fbslo
015 |a SNBA2018/12 
020 |a 9788055164465 
035 |a urn:nbn:sk:snk-am00crs5 
035 |a urn:nbn:sk:snk-am3havp 
035 |a 896ABD87-EA0F-4EFD-A2B1-EA4E4A59D2B0 
040 |a SNK  |b slo  |c SNK  |e rda 
041 0 |a slo 
043 |a e-cs---  |a e-xo--- 
044 |a xo  |c SK 
072 7 |a 929  |x Biografie  |2 konspekt 
072 7 |a 821.162.4-3  |x Slovenská próza  |2 konspekt 
080 |a (437)  |2 2011 
080 |a (437.6)  |2 2011 
080 |a 32-051  |2 2011 
080 |a 355.093  |2 2011 
080 |a 821.162.4-31  |2 2011 
080 |a (0:82-312.6)  |2 2011 
100 1 |a Čengel Solčanská, Mariana,  |d 1978-  |4 aut  |4 pht  |9 214633 
245 1 0 |a Generál M. R. Štefánik  |c Mariana Čengel Solčanská 
250 |a Prvé vydanie 
264 1 |a Bratislava  |b Ikar  |c 2018 
300 |a 366 strán  |b fotografie, portréty  |c 21 cm 
336 |a text  |b txt  |2 rdacontent 
337 |a bez média  |b n  |2 rdamedia 
338 |a zväzok  |b nc  |2 rdacarrier 
600 1 7 |a Štefánik, Milan Rastislav,  |d 1880-1919  |2 SNKMA  |9 86219 
650 0 7 |a politici  |2 SNKPH  |9 2679 
650 0 7 |a generáli  |2 SNKPH  |9 14522 
650 0 7 |a Politicians  |2 SNKPHeng  |9 281560 
650 0 7 |a Generals  |2 SNKPHeng  |9 298429 
650 0 7 |a slovenské romány  |2 SNKPH  |9 103163 
651 7 |a Československo  |2 SNKPHgeo  |9 21376 
651 7 |a Slovensko  |2 SNKPHgeo  |9 14231 
651 7 |a Czechoslovakia  |2 SNKPHeng  |9 265183 
651 7 |a Slovakia  |2 SNKPHeng  |9 92630 
655 7 |a biografické romány  |2 SNKPH  |9 1532 
655 7 |a Slovak fiction  |2 SNKPHeng  |9 277096 
655 7 |a Biographical novels  |2 SNKPHeng  |9 278552 
852 |a Štátna vedecká knižnica v Banskej Bystrici 
919 |a 978-80-551-6446-5 
958 |a LX 
958 |a BX 
999 |c 685705  |d 687635 
952 |a SNK  |b SNK  |y PREZ  |7 0  |p 17A1351336  |o snkSC 181978  |i snk2018/26747  |8 0  |0 0  |1 0  |4 0  |d 2018-12-11  |f 1  |l 0  |r 2026-02-23 20:11:04  |w 2026-02-23 
952 |a SNK  |b SNK  |y VYP  |7 0  |p 17A1351337  |o snkSC 181978 D1  |i snk2018/26748  |8 0  |0 0  |1 0  |4 0  |d 2018-12-11  |l 0  |r 2026-02-23 20:11:04  |w 2026-02-23